000 00605nam a22001457a 4500
020 _a978-0-7432-9250-4
082 _a823
_bILE/T
100 _aGREGILES
245 _aTHIRD DEGREE
260 _aNEW YORK
_bSCRIBNER
_c2007
300 _a385
520 _aThe story begins with Laurel discovering she is pregnant, with it almost definitely being Danny's baby, and shortly afterward Warren discovers a love letter to Laurel. The majority of the story is Warren trying to discover the identity of Laurel's lover in what evolves into a hostage situation.
650 _aENGLISH NOVEL
_zUNITED STATES
942 _cBK
999 _c1996
_d1996